000 00472pam a2200169a 44500
008 230405s2017 xxu||||| |||| 00| 0 eng d
041 _aENG
100 _aKarnad , Girish
245 _aNaga - Mandala : Play With a Cobra
250 _a2 . Ed.
260 _aNEWDELHI
_bOXFERD UNI PRESS
_c2017
300 _a63p.
440 _aSource= Bharati Madhyavarti Sahakari Grahak Bhandar, Pune (Best Book)
650 _aKANNAD LITERATURE
690 _aKANNAD
906 _a13751
999 _c793960
_d793960